Byzantine Egypt : economic studies /

محفوظ في:

المؤلف الرئيسي: Johnson, Allan Chester, 1881-1955. (مؤلف)

مؤلفون آخرون: West, Louis C. 1882-

التنسيق: كتاب

اللغة: English

منشور في: Princeton : Princeton Univ. Press, 1949.

سلاسل: Princeton University studies in papyrology, 6

الموضوعات:

الوسوم: إضافة وسم

لا توجد وسوم, كن أول من يضع وسما على هذه التسجيلة!

رقم الطلب: HC33 .J6

LEADER 00903namaa2200277 4500
003 OSt
005 20250818111644.0
008 250303s1949 nju g 000 0 eng d
010 |a 49008592 
040 |c ARCE Library 
043 |a f-ua--- 
050 4 |a HC33   |b .J6  
100 1 |a Johnson, Allan Chester,   |d 1881-1955.  |e author 
245 1 0 |a Byzantine Egypt :   |b economic studies /   |c by Allan Chester Johnson and Louis C. West. 
264 1 |a Princeton :   |b Princeton Univ. Press,   |c 1949. 
300 |a viii, 344 pages ;  |c 25 cm. 
490 0 |a Princeton University studies in papyrology,  |v 6. 
490 0 |a PUSP ;   |v 6. 
500 |a OCLC 3088139 
504 |a Bibliography : pages 333-335. 
651 0 |a Egypt  |x Economic conditions. 
700 1 |a West, Louis C.  |q (Louis Caulton),  |d 1882- 
830 |a Princeton University studies in papyrology,  |v 6 
901 |a reviewed 
942 |c BK  |2 lcc 
999 |c 22026  |d 22026